[Event "DVM U20 2016"]
[Site "Borken-Gemen GER"]
[Date "2016.12.27"]
[Round "2"]
[White "Bay, Nicolai"]
[Black "Niesel, Tobias"]
[Result "1/2-1/2"]
[Termination "normal"]
[Board "1.5"]
[WhiteElo "1977"]
[BlackElo "1887"]
[WhiteClock "01:01:31"]
[BlackClock "00:47:11"]
[WhiteTeam "SC Eppingen"]
[BlackTeam "SG Porz"]
[PlyCount "49"]
[WhiteFideId "12927619"]
[BlackFideId "12962155"]
[EventCountry "GER"]
[EventRounds "7"]
[EventType "team-swiss"]
[EventDate "2016.12.26"]

1. e4 Nf6 {[%clk 1:30:51]} 2. e5 {[%clk 1:30:52]} Nd5 {[%clk 1:31:16]} 3. d4
{[%clk 1:31:16]} d6 {[%clk 1:31:39]} 4. c4 {[%clk 1:31:37]} Nb6 {[%clk
1:32:04]} 5. f4 {[%clk 1:31:57]} dxe5 {[%clk 1:32:28]} 6. fxe5 {[%clk 1:32:22]}
Bf5 {[%clk 1:32:35]} 7. Be3 {[%clk 1:32:01]} Nc6 {[%clk 1:31:57]} 8. Nc3 {[%clk
1:29:00]} e6 {[%clk 1:32:07]} 9. Be2 {[%clk 1:28:18]} Be7 {[%clk 1:32:01]} 10.
Nf3 {[%clk 1:28:34]} O-O {[%clk 1:28:02]} 11. O-O {[%clk 1:28:02]} a5 {[%clk
1:20:40]} 12. Qd2 {[%clk 1:26:02]} Nb4 {[%clk 1:20:30]} 13. Rac1 {[%clk
1:24:42]} Nd7 {[%clk 1:04:34]} 14. a3 {[%clk 1:22:40]} Na6 {[%clk 1:04:11]} 15.
Rfd1 {[%clk 1:15:55]} f6 {[%clk 1:03:25]} 16. exf6 {[%clk 1:15:32]} Nxf6 {[%clk
1:02:36]} 17. h3 {[%clk 1:10:30]} Qe8 {[%clk 0:58:13]} 18. Bd3 {[%clk 1:08:42]}
Rd8 {[%clk 0:54:54]} 19. Bxf5 {[%clk 1:07:11]} exf5 {[%clk 0:55:04]} 20. Re1
{[%clk 1:07:24]} Nc5 {[%clk 0:51:12]} 21. Qc2 {[%clk 1:05:08]} Nce4 {[%clk
0:50:03]} 22. Nxe4 {[%clk 1:03:00]} Nxe4 {[%clk 0:50:20]} 23. Nd2 {[%clk
1:03:22]} Nxd2 {[%clk 0:49:17]} 24. Qxd2 {[%clk 1:01:56]} Bh4 {[%clk 0:47:11]}
25. Bf2 {[%clk 1:01:31]} 1/2-1/2

[Event "DVM U20 2016"]
[Site "Borken-Gemen GER"]
[Date "2016.12.27"]
[Round "2"]
[White "Ehmann, Thilo"]
[Black "Kololli, Martin"]
[Result "1/2-1/2"]
[Termination "normal"]
[Board "2.2"]
[WhiteTitle "FM"]
[WhiteElo "2272"]
[BlackElo "2231"]
[WhiteClock "00:10:10"]
[BlackClock "00:05:57"]
[WhiteTeam "SF Sasbach"]
[BlackTeam "Lübecker SV"]
[PlyCount "80"]
[WhiteFideId "12940968"]
[BlackFideId "12936910"]
[EventCountry "GER"]
[EventRounds "7"]
[EventType "team-swiss"]
[EventDate "2016.12.26"]

1. e4 {[%clk 1:30:58]} e5 {[%clk 1:30:56]} 2. Nf3 {[%clk 1:31:26]} Nc6 {[%clk
1:31:21]} 3. Bb5 {[%clk 1:31:54]} a6 {[%clk 1:31:29]} 4. Ba4 {[%clk 1:32:21]}
Nf6 {[%clk 1:31:44]} 5. d4 {[%clk 1:32:44]} exd4 {[%clk 1:25:39]} 6. O-O {[%clk
1:33:05]} Be7 {[%clk 1:23:50]} 7. Re1 {[%clk 1:33:19]} b5 {[%clk 1:20:29]} 8.
Bb3 {[%clk 1:33:40]} d6 {[%clk 1:20:43]} 9. Bd5 {[%clk 1:33:47]} Bd7 {[%clk
1:17:30]} 10. Nxd4 {[%clk 1:29:56]} Nxd5 {[%clk 1:17:50]} 11. Nxc6 {[%clk
1:28:38]} Bxc6 {[%clk 1:18:15]} 12. exd5 {[%clk 1:29:06]} Bb7 {[%clk 1:18:15]}
13. c4 {[%clk 1:24:46]} bxc4 {[%clk 1:11:12]} 14. Qa4+ {[%clk 1:17:35]} Qd7
{[%clk 1:07:32]} 15. Qxc4 {[%clk 1:17:50]} O-O {[%clk 1:07:16]} 16. Nc3 {[%clk
1:16:52]} Rfe8 {[%clk 1:05:17]} 17. Be3 {[%clk 1:16:52]} Bf6 {[%clk 0:55:54]}
18. Bd4 {[%clk 1:11:39]} Qg4 {[%clk 0:48:35]} 19. Red1 {[%clk 1:02:51]} Rac8
{[%clk 0:40:35]} 20. h3 {[%clk 0:59:56]} Qh4 {[%clk 0:38:28]} 21. g3 {[%clk
0:51:10]} Qxh3 {[%clk 0:33:04]} 22. Bxf6 {[%clk 0:51:31]} gxf6 {[%clk 0:33:29]}
23. Qh4 {[%clk 0:41:03]} Qxh4 {[%clk 0:29:15]} 24. gxh4 {[%clk 0:41:03]} Re5
{[%clk 0:24:07]} 25. Rd4 {[%clk 0:40:25]} Rce8 {[%clk 0:24:23]} 26. f3 {[%clk
0:39:01]} Rf5 {[%clk 0:23:49]} 27. Kf2 {[%clk 0:38:44]} c5 {[%clk 0:21:23]} 28.
dxc6 {[%clk 0:38:32]} Bxc6 {[%clk 0:21:44]} 29. Rg1+ {[%clk 0:38:20]} Kf8
{[%clk 0:21:57]} 30. Rg3 {[%clk 0:33:01]} Rb8 {[%clk 0:18:23]} 31. b4 {[%clk
0:26:47]} Ke7 {[%clk 0:15:42]} 32. a4 {[%clk 0:24:49]} Rc8 {[%clk 0:15:10]} 33.
f4 {[%clk 0:20:05]} Rh5 {[%clk 0:11:06]} 34. Re3+ {[%clk 0:17:57]} Kd7 {[%clk
0:11:17]} 35. Red3 {[%clk 0:16:39]} Ke7 {[%clk 0:09:12]} 36. Re3+ {[%clk
0:13:30]} Kd7 {[%clk 0:09:30]} 37. Ne4 {[%clk 0:11:05]} Bxe4 {[%clk 0:08:18]}
38. Rdxe4 {[%clk 0:11:28]} Rc2+ {[%clk 0:05:40]} 39. Kg3 {[%clk 0:11:53]} Kc6
{[%clk 0:05:57]} 40. Re8 {[%clk 0:10:10]} Kd5 1/2-1/2

[Event "DVM U20 2016"]
[Site "Borken-Gemen GER"]
[Date "2016.12.27"]
[Round "2"]
[White "Poghosyan, Tigran"]
[Black "Riehle, Marco"]
[Result "1-0"]
[Termination "normal"]
[Board "2.3"]
[WhiteElo "2063"]
[BlackElo "2303"]
[WhiteClock "00:20:32"]
[BlackClock "00:29:44"]
[WhiteTeam "Lübecker SV"]
[BlackTeam "SF Sasbach"]
[PlyCount "105"]
[WhiteFideId "12909319"]
[BlackFideId "12904392"]
[EventCountry "GER"]
[EventRounds "7"]
[EventType "team-swiss"]
[EventDate "2016.12.26"]

1. e4 {[%clk 1:30:57]} e5 {[%clk 1:30:19]} 2. Nf3 {[%clk 1:31:22]} Nc6 {[%clk
1:29:58]} 3. Bb5 {[%clk 1:31:47]} a6 {[%clk 1:30:01]} 4. Ba4 {[%clk 1:32:16]}
Nf6 {[%clk 1:29:35]} 5. O-O {[%clk 1:32:34]} Be7 {[%clk 1:29:59]} 6. d3 {[%clk
1:32:57]} b5 {[%clk 1:29:35]} 7. Bb3 {[%clk 1:33:26]} O-O {[%clk 1:29:55]} 8.
Nc3 {[%clk 1:32:02]} d6 {[%clk 1:27:56]} 9. a3 {[%clk 1:31:40]} Bg4 {[%clk
1:27:02]} 10. Be3 {[%clk 1:31:30]} Rc8 {[%clk 1:22:15]} 11. h3 {[%clk 1:30:18]}
Bh5 {[%clk 1:21:25]} 12. Nd5 {[%clk 1:30:32]} Na5 {[%clk 1:18:28]} 13. Ba2
{[%clk 1:30:14]} Nxd5 {[%clk 1:15:37]} 14. Bxd5 {[%clk 1:30:14]} c6 {[%clk
1:14:27]} 15. Ba2 {[%clk 1:30:42]} Bf6 {[%clk 1:13:53]} 16. b4 {[%clk 1:27:30]}
Nb7 {[%clk 1:14:12]} 17. c4 {[%clk 1:26:56]} h6 {[%clk 1:07:43]} 18. Qe2 {[%clk
0:59:51]} Qe7 {[%clk 0:59:18]} 19. Rfd1 {[%clk 0:57:23]} Nd8 {[%clk 0:57:35]}
20. c5 {[%clk 0:51:57]} Nb7 {[%clk 0:53:28]} 21. cxd6 {[%clk 0:48:29]} Qxd6
{[%clk 0:53:24]} 22. Rac1 {[%clk 0:33:34]} c5 {[%clk 0:41:34]} 23. Bd5 {[%clk
0:32:29]} Qe7 {[%clk 0:38:22]} 24. Bxb7 {[%clk 0:32:07]} Qxb7 {[%clk 0:38:51]}
25. Bxc5 {[%clk 0:31:51]} Rfd8 {[%clk 0:38:28]} 26. g4 {[%clk 0:26:08]} Bg6
{[%clk 0:38:38]} 27. Rc2 {[%clk 0:22:42]} Qd7 {[%clk 0:36:43]} 28. Kg2 {[%clk
0:17:29]} Rc6 {[%clk 0:30:46]} 29. Rc3 {[%clk 0:13:31]} Qe6 {[%clk 0:28:04]}
30. Ra1 {[%clk 0:10:37]} Rdc8 {[%clk 0:22:56]} 31. Qa2 {[%clk 0:09:32]} Qe8
{[%clk 0:21:41]} 32. Qd5 {[%clk 0:07:16]} Rd8 {[%clk 0:18:30]} 33. Qb3 {[%clk
0:07:31]} Rdc8 {[%clk 0:17:41]} 34. Qd5 {[%clk 0:07:46]} Rd8 {[%clk 0:18:06]}
35. Qb3 {[%clk 0:08:14]} Rdc8 {[%clk 0:18:29]} 36. a4 {[%clk 0:06:30]} Qd8
{[%clk 0:18:27]} 37. axb5 {[%clk 0:06:19]} axb5 {[%clk 0:18:56]} 38. Ra7 {[%clk
0:06:02]} Kh7 {[%clk 0:15:31]} 39. Rc2 {[%clk 0:03:32]} Ra8 {[%clk 0:09:01]}
40. Rca2 {[%clk 0:02:04]} Rxa7 {[%clk 0:08:43]} 41. Rxa7 {[%clk 0:02:29]} Re6
{[%clk 0:07:20]} 42. Rb7 {[%clk 0:29:55]} h5 {[%clk 0:36:00]} 43. Rxb5 {[%clk
0:24:49]} Qd7 {[%clk 0:35:50]} 44. Ra5 {[%clk 0:23:50]} hxg4 {[%clk 0:36:05]}
45. hxg4 {[%clk 0:24:20]} Bd8 {[%clk 0:36:28]} 46. Ra7 {[%clk 0:23:40]} Qc8
{[%clk 0:36:12]} 47. Kg3 {[%clk 0:22:41]} Rf6 {[%clk 0:35:31]} 48. Qd5 {[%clk
0:22:24]} Bc7 {[%clk 0:34:10]} 49. Ng5+ {[%clk 0:20:49]} Kh6 {[%clk 0:32:41]}
50. Be3 {[%clk 0:20:34]} Rf4 {[%clk 0:32:47]} 51. Bxf4 {[%clk 0:20:09]} exf4+
{[%clk 0:33:15]} 52. Kf3 {[%clk 0:20:39]} Bb6 {[%clk 0:29:44]} 53. Ra8 {[%clk
0:20:32]} 1-0

[Event "DVM U20 2016"]
[Site "Borken-Gemen GER"]
[Date "2016.12.27"]
[Round "2"]
[White "Bohnert, Dominik"]
[Black "Tiedemann, Fin Niklas"]
[Result "1-0"]
[Termination "normal"]
[Board "2.4"]
[WhiteElo "2027"]
[BlackElo "1911"]
[WhiteClock "00:14:35"]
[BlackClock "00:02:27"]
[WhiteTeam "SF Sasbach"]
[BlackTeam "Lübecker SV"]
[PlyCount "63"]
[WhiteFideId "12918075"]
[BlackFideId "12936936"]
[EventCountry "GER"]
[EventRounds "7"]
[EventType "team-swiss"]
[EventDate "2016.12.26"]

1. b3 {[%clk 1:30:55]} d5 {[%clk 1:27:05]} 2. Bb2 {[%clk 1:31:14]} c5 {[%clk
1:27:15]} 3. e3 {[%clk 1:31:36]} Nc6 {[%clk 1:27:39]} 4. f4 {[%clk 1:31:19]}
Bf5 {[%clk 1:26:52]} 5. Nf3 {[%clk 1:30:20]} e6 {[%clk 1:26:24]} 6. Bb5 {[%clk
1:30:29]} a6 {[%clk 1:26:43]} 7. Bxc6+ {[%clk 1:30:51]} bxc6 {[%clk 1:27:05]}
8. O-O {[%clk 1:31:15]} h6 {[%clk 1:21:39]} 9. d3 {[%clk 1:31:09]} Nf6 {[%clk
1:15:24]} 10. Nbd2 {[%clk 1:29:30]} Be7 {[%clk 1:08:30]} 11. Qe1 {[%clk
1:27:27]} O-O {[%clk 1:05:27]} 12. e4 {[%clk 1:25:41]} Bh7 {[%clk 1:04:43]} 13.
Kh1 {[%clk 1:24:10]} Nh5 {[%clk 0:53:46]} 14. Ne5 {[%clk 1:16:56]} Qc7 {[%clk
0:49:37]} 15. Qe2 {[%clk 1:09:47]} Nf6 {[%clk 0:43:40]} 16. Ng4 {[%clk
1:06:10]} Qd8 {[%clk 0:36:38]} 17. Ne5 {[%clk 1:01:12]} Qc7 {[%clk 0:36:51]}
18. Rf3 {[%clk 0:59:44]} Nh5 {[%clk 0:25:34]} 19. Raf1 {[%clk 0:53:57]} Bf6
{[%clk 0:22:52]} 20. exd5 {[%clk 0:50:27]} exd5 {[%clk 0:18:19]} 21. g4 {[%clk
0:46:46]} Nxf4 {[%clk 0:16:35]} 22. Rxf4 {[%clk 0:45:54]} Rfe8 {[%clk 0:15:43]}
23. Rxf6 {[%clk 0:42:33]} gxf6 {[%clk 0:15:58]} 24. Rxf6 {[%clk 0:42:07]} d4
{[%clk 0:10:04]} 25. Ndc4 {[%clk 0:37:39]} Kg7 {[%clk 0:09:38]} 26. Qf3 {[%clk
0:27:10]} Rxe5 {[%clk 0:08:34]} 27. Nxe5 {[%clk 0:25:40]} Qxe5 {[%clk 0:09:00]}
28. Rxf7+ {[%clk 0:25:31]} Kg8 {[%clk 0:09:26]} 29. Bc1 {[%clk 0:18:41]} Qe1+
{[%clk 0:02:41]} 30. Qf1 {[%clk 0:15:36]} Qh4 {[%clk 0:02:59]} 31. Rf6 {[%clk
0:14:11]} Re8 {[%clk 0:02:27]} 32. Bxh6 {[%clk 0:14:35]} 1-0

[Event "DVM U20 2016"]
[Site "Borken-Gemen GER"]
[Date "2016.12.27"]
[Round "2"]
[White "Bosselmann, Tom Linus"]
[Black "Zimmer, Raphael"]
[Result "0-1"]
[Termination "normal"]
[Board "2.5"]
[WhiteElo "1919"]
[BlackElo "2252"]
[WhiteClock "00:18:49"]
[BlackClock "00:12:19"]
[WhiteTeam "Lübecker SV"]
[BlackTeam "SF Sasbach"]
[PlyCount "110"]
[WhiteFideId "12983845"]
[BlackFideId "12978841"]
[EventCountry "GER"]
[EventRounds "7"]
[EventType "team-swiss"]
[EventDate "2016.12.26"]

1. e4 {[%clk 1:30:58]} e5 {[%clk 1:30:54]} 2. Nf3 {[%clk 1:31:22]} Nc6 {[%clk
1:31:18]} 3. Bc4 {[%clk 1:31:44]} Bc5 {[%clk 1:31:40]} 4. b4 {[%clk 1:31:49]}
Bb6 {[%clk 1:32:03]} 5. d3 {[%clk 1:31:37]} d6 {[%clk 1:30:40]} 6. c3 {[%clk
1:31:32]} Nf6 {[%clk 1:29:25]} 7. O-O {[%clk 1:31:29]} O-O {[%clk 1:29:02]} 8.
h3 {[%clk 1:30:57]} h6 {[%clk 1:26:42]} 9. Re1 {[%clk 1:30:57]} Be6 {[%clk
1:25:36]} 10. Nbd2 {[%clk 1:30:26]} a6 {[%clk 1:23:26]} 11. Bb3 {[%clk
1:27:39]} Qd7 {[%clk 1:21:59]} 12. Nf1 {[%clk 1:23:10]} Rfe8 {[%clk 1:18:46]}
13. Be3 {[%clk 1:17:09]} Bxe3 {[%clk 1:16:16]} 14. Nxe3 {[%clk 1:16:20]} Rad8
{[%clk 1:15:06]} 15. Qc2 {[%clk 1:13:19]} d5 {[%clk 1:09:44]} 16. exd5 {[%clk
1:11:28]} Nxd5 {[%clk 1:01:14]} 17. Nxd5 {[%clk 1:10:10]} Bxd5 {[%clk 0:57:35]}
18. Bxd5 {[%clk 1:08:27]} Qxd5 {[%clk 0:57:49]} 19. Rad1 {[%clk 1:08:38]} Re6
{[%clk 0:55:51]} 20. c4 {[%clk 1:03:24]} Qd6 {[%clk 0:53:59]} 21. a3 {[%clk
1:03:22]} Rg6 {[%clk 0:48:20]} 22. Qc3 {[%clk 0:59:15]} Qe6 {[%clk 0:38:15]}
23. Kh2 {[%clk 0:57:32]} Qf5 {[%clk 0:33:37]} 24. Rd2 {[%clk 0:50:49]} Re6
{[%clk 0:15:22]} 25. Re4 {[%clk 0:44:33]} g5 {[%clk 0:11:36]} 26. Rde2 {[%clk
0:34:54]} f6 {[%clk 0:06:52]} 27. a4 {[%clk 0:29:53]} Red6 {[%clk 0:04:36]} 28.
Ne1 {[%clk 0:23:39]} h5 {[%clk 0:04:29]} 29. f3 {[%clk 0:19:54]} Kf7 {[%clk
0:03:18]} 30. g4 {[%clk 0:13:17]} Qd7 {[%clk 0:02:33]} 31. R2e3 {[%clk
0:07:13]} Nd4 {[%clk 0:02:52]} 32. Kg2 {[%clk 0:05:58]} Qxa4 {[%clk 0:02:48]}
33. c5 {[%clk 0:05:08]} Rd5 {[%clk 0:02:33]} 34. Kg1 {[%clk 0:02:59]} Ne6
{[%clk 0:01:21]} 35. Re2 {[%clk 0:01:20]} Nf4 {[%clk 0:01:08]} 36. Rd2 {[%clk
0:00:54]} Nxh3+ {[%clk 0:00:59]} 37. Kh2 {[%clk 0:01:01]} Nf4 {[%clk 0:00:58]}
38. Qc4 {[%clk 0:01:01]} Kg7 {[%clk 0:00:40]} 39. d4 {[%clk 0:00:37]} Qd7
{[%clk 0:00:37]} 40. Nc2 {[%clk 0:00:34]} hxg4 {[%clk 0:00:35]} 41. Ne3 {[%clk
0:00:36]} g3+ {[%clk 0:21:36]} 42. Kxg3 {[%clk 0:20:40]} Qh3+ {[%clk 0:21:43]}
43. Kf2 {[%clk 0:21:05]} Qh2+ {[%clk 0:22:06]} 44. Ke1 {[%clk 0:20:44]} Qxd2+
{[%clk 0:19:31]} 45. Kxd2 {[%clk 0:20:55]} Rxd4+ {[%clk 0:19:52]} 46. Rxd4
{[%clk 0:20:43]} Rxd4+ {[%clk 0:20:12]} 47. Qxd4 {[%clk 0:20:55]} exd4 {[%clk
0:20:34]} 48. Nf5+ {[%clk 0:21:14]} Kf7 {[%clk 0:20:22]} 49. Nxd4 {[%clk
0:21:34]} Nd5 {[%clk 0:20:05]} 50. b5 {[%clk 0:19:14]} axb5 {[%clk 0:17:07]}
51. Nxb5 {[%clk 0:19:39]} Ke6 {[%clk 0:17:02]} 52. Kd3 {[%clk 0:19:13]} Ke5
{[%clk 0:12:37]} 53. Ke2 {[%clk 0:18:43]} Nf4+ {[%clk 0:12:00]} 54. Ke3 {[%clk
0:18:58]} Ne6 {[%clk 0:12:19]} 55. Kd2 {[%clk 0:18:49]} c6 0-1

[Event "DVM U20 2016"]
[Site "Borken-Gemen GER"]
[Date "2016.12.27"]
[Round "2"]
[White "Gubela, Hans-Erich Constanti"]
[Black "Rietschel, Tilo"]
[Result "1/2-1/2"]
[Termination "normal"]
[Board "2.6"]
[WhiteElo "1787"]
[BlackElo "1856"]
[WhiteClock "00:17:04"]
[BlackClock "00:18:13"]
[WhiteTeam "SF Sasbach"]
[BlackTeam "Lübecker SV"]
[PlyCount "141"]
[WhiteFideId "24692140"]
[BlackFideId "16208390"]
[EventCountry "GER"]
[EventRounds "7"]
[EventType "team-swiss"]
[EventDate "2016.12.26"]

1. e3 {[%clk 1:30:55]} d5 {[%clk 1:28:56]} 2. b3 {[%clk 1:31:18]} Nf6 {[%clk
1:28:35]} 3. Bb2 {[%clk 1:30:23]} Nbd7 {[%clk 1:27:28]} 4. Nf3 {[%clk 1:30:00]}
e6 {[%clk 1:27:28]} 5. Be2 {[%clk 1:30:03]} Bd6 {[%clk 1:27:11]} 6. O-O {[%clk
1:30:10]} O-O {[%clk 1:27:27]} 7. c4 {[%clk 1:30:07]} c6 {[%clk 1:27:15]} 8. d4
{[%clk 1:29:52]} Re8 {[%clk 1:27:03]} 9. Nbd2 {[%clk 1:28:17]} b6 {[%clk
1:17:06]} 10. Ne5 {[%clk 1:20:35]} Bb7 {[%clk 1:16:16]} 11. Rc1 {[%clk
1:15:36]} Rc8 {[%clk 1:15:24]} 12. Bh5 {[%clk 1:11:10]} Nxh5 {[%clk 1:11:19]}
13. Qxh5 {[%clk 1:11:15]} Qe7 {[%clk 1:11:06]} 14. Ndf3 {[%clk 1:06:37]} f6
{[%clk 1:06:55]} 15. Nxd7 {[%clk 0:58:42]} Qxd7 {[%clk 1:07:08]} 16. Qg4 {[%clk
0:56:15]} Qe7 {[%clk 1:02:50]} 17. e4 {[%clk 0:50:30]} dxe4 {[%clk 0:59:06]}
18. Qxe4 {[%clk 0:50:19]} c5 {[%clk 0:58:53]} 19. Qg4 {[%clk 0:45:31]} Rcd8
{[%clk 0:58:09]} 20. Rfe1 {[%clk 0:45:21]} Qf7 {[%clk 0:56:31]} 21. Rcd1 {[%clk
0:41:54]} h5 {[%clk 0:51:18]} 22. Qh3 {[%clk 0:39:00]} g5 {[%clk 0:40:21]} 23.
dxc5 {[%clk 0:28:57]} bxc5 {[%clk 0:37:58]} 24. Nd2 {[%clk 0:28:37]} Bf4 {[%clk
0:31:26]} 25. Nf1 {[%clk 0:26:32]} g4 {[%clk 0:24:11]} 26. Qc3 {[%clk 0:21:31]}
Bg5 {[%clk 0:22:41]} 27. Qa5 {[%clk 0:19:52]} Rc8 {[%clk 0:18:22]} 28. Ng3
{[%clk 0:12:05]} f5 {[%clk 0:14:48]} 29. Qc3 {[%clk 0:10:29]} Kh7 {[%clk
0:13:30]} 30. Nxh5 {[%clk 0:08:42]} Re7 {[%clk 0:12:37]} 31. Qg7+ {[%clk
0:06:36]} Qxg7 {[%clk 0:12:42]} 32. Nxg7 {[%clk 0:07:01]} Be4 {[%clk 0:09:39]}
33. Nxe6 {[%clk 0:03:54]} Bh6 {[%clk 0:06:13]} 34. Rd6 {[%clk 0:01:57]} Rce8
{[%clk 0:04:46]} 35. Nxc5 {[%clk 0:01:58]} Bc6 {[%clk 0:02:18]} 36. Rxe7+
{[%clk 0:01:55]} Rxe7 {[%clk 0:02:44]} 37. Re6 {[%clk 0:02:20]} Rc7 {[%clk
0:01:55]} 38. Na6 {[%clk 0:02:02]} Rd7 {[%clk 0:02:12]} 39. Re1 {[%clk
0:01:32]} Rd2 {[%clk 0:02:29]} 40. Nb4 {[%clk 0:01:42]} Rxb2 {[%clk 0:00:45]}
41. Nxc6 {[%clk 0:28:45]} Rxa2 {[%clk 0:31:08]} 42. h4 {[%clk 0:27:47]} Rb2
{[%clk 0:30:40]} 43. b4 {[%clk 0:25:55]} a6 {[%clk 0:29:34]} 44. Ra1 {[%clk
0:24:54]} Bd2 {[%clk 0:29:43]} 45. Rxa6 {[%clk 0:24:48]} Bxb4 {[%clk 0:30:08]}
46. Nxb4 {[%clk 0:24:58]} Rxb4 {[%clk 0:30:06]} 47. c5 {[%clk 0:25:06]} Rc4
{[%clk 0:29:58]} 48. Rc6 {[%clk 0:25:23]} Rc2 {[%clk 0:30:15]} 49. Rc8 {[%clk
0:24:39]} Kg7 {[%clk 0:30:25]} 50. c6 {[%clk 0:25:04]} Kf7 {[%clk 0:30:14]} 51.
c7 {[%clk 0:25:18]} Kg7 {[%clk 0:30:41]} 52. Kh2 {[%clk 0:25:20]} f4 {[%clk
0:30:42]} 53. Kg1 {[%clk 0:22:42]} Rc1+ {[%clk 0:31:06]} 54. Kh2 {[%clk
0:23:11]} Rc2 {[%clk 0:31:18]} 55. h5 {[%clk 0:23:30]} Rc5 {[%clk 0:24:24]} 56.
h6+ {[%clk 0:23:11]} Kh7 {[%clk 0:24:47]} 57. Rf8 {[%clk 0:23:31]} g3+ {[%clk
0:22:52]} 58. fxg3 {[%clk 0:23:35]} fxg3+ {[%clk 0:23:07]} 59. Kxg3 {[%clk
0:23:58]} Rxc7 {[%clk 0:23:33]} 60. Rf6 {[%clk 0:24:12]} Rc4 {[%clk 0:23:36]}
61. Kh3 {[%clk 0:22:30]} Rb4 {[%clk 0:21:08]} 62. g4 {[%clk 0:22:20]} Ra4
{[%clk 0:20:56]} 63. Re6 {[%clk 0:22:17]} Ra3+ {[%clk 0:17:12]} 64. Kh4 {[%clk
0:22:37]} Ra5 {[%clk 0:17:31]} 65. g5 {[%clk 0:21:42]} Ra1 {[%clk 0:17:29]} 66.
Kg4 {[%clk 0:20:46]} Rg1+ {[%clk 0:16:57]} 67. Kf5 {[%clk 0:21:07]} Rf1+ {[%clk
0:17:14]} 68. Ke5 {[%clk 0:21:29]} Re1+ {[%clk 0:17:35]} 69. Kf6 {[%clk
0:21:49]} Rf1+ {[%clk 0:17:52]} 70. Ke7 {[%clk 0:22:12]} Rf5 {[%clk 0:18:13]}
71. g6+ {[%clk 0:17:04]} 1/2-1/2

[Event "DVM U20 2016"]
[Site "Borken-Gemen GER"]
[Date "2016.12.27"]
[Round "2"]
[White "Pluska, Alexander"]
[Black "Altstadt, Karl-Simon"]
[Result "1-0"]
[Termination "normal"]
[Board "3.1"]
[WhiteElo "2156"]
[BlackElo "1995"]
[WhiteClock "00:27:43"]
[BlackClock "00:30:17"]
[WhiteTeam "SK Doppelbauer Kiel"]
[BlackTeam "USV Halle"]
[PlyCount "119"]
[WhiteFideId "12975141"]
[BlackFideId "24696676"]
[EventCountry "GER"]
[EventRounds "7"]
[EventType "team-swiss"]
[EventDate "2016.12.26"]

1. d4 {[%clk 1:30:58]} Nf6 {[%clk 1:30:54]} 2. c4 {[%clk 1:31:23]} c5 {[%clk
1:31:20]} 3. d5 {[%clk 1:31:50]} b5 {[%clk 1:31:45]} 4. Qc2 {[%clk 1:32:16]}
bxc4 {[%clk 1:30:49]} 5. e4 {[%clk 1:32:42]} Ba6 {[%clk 1:27:10]} 6. Nf3 {[%clk
1:25:52]} d6 {[%clk 1:24:35]} 7. Na3 {[%clk 1:21:52]} g6 {[%clk 1:22:32]} 8.
Bxc4 {[%clk 1:21:54]} Bxc4 {[%clk 1:22:42]} 9. Nxc4 {[%clk 1:22:20]} Bg7 {[%clk
1:21:46]} 10. O-O {[%clk 1:22:37]} O-O {[%clk 1:22:11]} 11. Bd2 {[%clk
1:22:23]} a5 {[%clk 1:12:27]} 12. Bc3 {[%clk 1:22:01]} Nbd7 {[%clk 1:05:45]}
13. Rad1 {[%clk 1:21:49]} Qc7 {[%clk 0:58:34]} 14. e5 {[%clk 1:11:56]} dxe5
{[%clk 0:57:13]} 15. Nfxe5 {[%clk 1:10:38]} Nxe5 {[%clk 0:57:14]} 16. Bxe5
{[%clk 1:11:00]} Qb7 {[%clk 0:54:42]} 17. d6 {[%clk 1:01:16]} exd6 {[%clk
0:54:29]} 18. Nxd6 {[%clk 1:01:11]} Qc6 {[%clk 0:49:07]} 19. Rfe1 {[%clk
0:32:52]} Rad8 {[%clk 0:44:09]} 20. Qc3 {[%clk 0:31:41]} Nd5 {[%clk 0:39:05]}
21. Rxd5 {[%clk 0:32:00]} Qxd5 {[%clk 0:39:33]} 22. Bxg7 {[%clk 0:32:23]} Qxd6
{[%clk 0:39:15]} 23. Bxf8 {[%clk 0:32:30]} Rxf8 {[%clk 0:38:30]} 24. Qxa5
{[%clk 0:31:40]} Qd4 {[%clk 0:36:15]} 25. Qb5 {[%clk 0:26:39]} Ra8 {[%clk
0:34:20]} 26. Re8+ {[%clk 0:26:21]} Rxe8 {[%clk 0:34:48]} 27. Qxe8+ {[%clk
0:26:45]} Kg7 {[%clk 0:35:13]} 28. Qe2 {[%clk 0:27:05]} Kg8 {[%clk 0:32:42]}
29. h3 {[%clk 0:27:06]} Qa4 {[%clk 0:32:07]} 30. a3 {[%clk 0:26:00]} Qd4 {[%clk
0:30:49]} 31. Qe3 {[%clk 0:24:46]} Qd1+ {[%clk 0:30:55]} 32. Kh2 {[%clk
0:25:10]} Qc2 {[%clk 0:30:45]} 33. g3 {[%clk 0:23:37]} c4 {[%clk 0:28:27]} 34.
Qd4 {[%clk 0:24:01]} Qd3 {[%clk 0:28:13]} 35. Qb6 {[%clk 0:24:20]} Qc2 {[%clk
0:28:05]} 36. Qd8+ {[%clk 0:24:16]} Kg7 {[%clk 0:28:33]} 37. Qd4+ {[%clk
0:24:40]} Kg8 {[%clk 0:28:58]} 38. Kg2 {[%clk 0:25:05]} h5 {[%clk 0:28:41]} 39.
h4 {[%clk 0:25:31]} Qa4 {[%clk 0:24:44]} 40. Qc3 {[%clk 0:23:48]} Qc6+ {[%clk
0:23:54]} 41. Kg1 {[%clk 0:24:13]} Qa4 {[%clk 0:23:32]} 42. Kh2 {[%clk
0:19:43]} Kh7 {[%clk 0:20:33]} 43. Kg2 {[%clk 0:09:26]} Qc6+ {[%clk 0:20:32]}
44. Kf1 {[%clk 0:09:22]} Qa4 {[%clk 0:19:06]} 45. Ke1 {[%clk 0:08:14]} Kg8
{[%clk 0:12:48]} 46. Kd2 {[%clk 0:05:54]} Qd7+ {[%clk 0:12:37]} 47. Kc1 {[%clk
0:06:08]} Qa4 {[%clk 0:11:24]} 48. Qc2 {[%clk 0:06:22]} Qb5 {[%clk 0:11:19]}
49. Kd1 {[%clk 0:04:41]} Qd5+ {[%clk 0:10:50]} 50. Ke1 {[%clk 0:04:54]} Qe6+
{[%clk 0:07:11]} 51. Kf1 {[%clk 0:04:43]} Qa6 {[%clk 0:06:30]} 52. Kg1 {[%clk
0:05:08]} Qb5 {[%clk 0:06:04]} 53. Kh2 {[%clk 0:03:19]} Qd5 {[%clk 0:03:15]}
54. a4 {[%clk 0:02:16]} Qd3 {[%clk 0:03:32]} 55. Qc3 {[%clk 0:02:08]} Qe2
{[%clk 0:03:53]} 56. Qd4 {[%clk 0:01:33]} Qd3 {[%clk 0:04:18]} 57. Qb6 {[%clk
0:01:08]} g5 {[%clk 0:01:51]} 58. hxg5 {[%clk 0:29:28]} Qf3 {[%clk 0:29:54]}
59. Qd8+ {[%clk 0:27:43]} Kh7 {[%clk 0:30:17]} 60. Qf6 1-0